000 00693nam a2200241Ia 4500
003 OSt
005 20220924125757.0
006 a|||||r|||| 00| 0
007 ta
008 220923b |||||||| |||| 00| 0 per d
024 _a325189
037 _cTextual
040 _aARTS
_cARTS
_bper
041 _2per
_aper
082 _aDelta73, 164M4;P4
100 _aKoob Abdul Hussain Zarreen Au.
_9198904
245 0 _aArzish-e-meeras sufiya
260 _aTehran
_bIntasharat ameer kabeer Iran
_c2004
650 _a SPIRurdALISM
650 _aSAINTS
_9176277
942 _hDelta73, 164M4;P4
_cTEXL
_2CC
999 _c423358
_d423358